Historia General de la República del Ecuador / (Record no. 5713)

000 -CABECERA
fixed length control field 01311nam a22002417a 4500
003 - IDENTIFICADOR DEL NÚMERO DE CONTROL
control field AR-CdUCM
008 - DATOS DE LONGITUD FIJA--INFORMACIÓN GENERAL
fixed length control field 190313b ||||| |||| 00| 0 spa d
040 ## - FUENTE DE LA CATALOGACIÓN
Agencia/entidad que catalogó originalmente la obra MUNICIPALIDAD PROVINCIAL DEL CUSCO
Entidad que transcribió la catalogación BIBLIOTECA MUNICIPAL DEL CUSCO
082 ## - NÚMERO DE LA CLASIFICACIÓN DECIMAL DEWEY
No. de Clasificación 986.2 /
Notacion interna G643
No. de la edición 2 ed.
100 ## - ENTRADA PRINCIPAL--NOMBRE DE PERSONA
Nombre Personal Gonzales Suarez, Federico
245 ## - MENCIÓN DE TÍTULO
Título Historia General de la República del Ecuador /
260 ## - PUBLICACIÓN, DISTRIBUCIÓN, ETC.
Lugar de publicación, distribución, etc. Guayaquil :
Nombre de la editorial, distribuidor, etc. Ariel,
300 ## - DESCRIPCIÓN FÍSICA
Nº de Páginas Extensión t.1, t.2, t.3, t.4, t.5 ;
Dimensiones 18 cm.
440 ## - MENCIÓN DE SERIE/PUNTO DE ACCESO ADICIONAL--TÍTULO
Título Clasicos Ariel
Número de la parte/sección de una obra 28, 34,39,42,49
9 (RLIN) 17017
505 ## - NOTA DE CONTENIDO CON FORMATO
Nota de contenido formateada Contenido: t.5 La colonia -- Don Fray Luis López de Solís, cuarto obispo de Quito -- Sucesos Diversos -- Organización y estado de la colonia al principiar el siglo décimo séptimo ... t.1 Las más antiguas naciones indignes del Ecuador t-- Conquista y dominación de los incas en el reino de Quito t.2 La historia antigua -- Descubrimiento del Perú ... t.4 Fundación de la real audiencia -- El presidente Santillana y el obispo Peña ... t.3 Gobierno del presidente La-Gasca -- Erección del obispo de Quito ...
650 ## - PUNTO DE ACCESO ADICIONAL DE MATERIA--TÉRMINO DE MATERIA
Descriptor Historia de Ecuador
9 (RLIN) 7286
650 ## - PUNTO DE ACCESO ADICIONAL DE MATERIA--TÉRMINO DE MATERIA
Descriptor Colonia en Ecuador
9 (RLIN) 17018
650 ## - PUNTO DE ACCESO ADICIONAL DE MATERIA--TÉRMINO DE MATERIA
Descriptor Política
9 (RLIN) 291
700 ## - PUNTO DE ACCESO ADICIONAL--NOMBRE DE PERSONA
Nombre Personal Hernan Rodriguez Castelo (introduccion) /
9 (RLIN) 17019
942 ## - ELEMENTOS DE PUNTO DE ACCESO ADICIONAL (KOHA)
Fuente de clasificación
Tipo de item Libros-BMC
945 ## - PROCESAMIENTO DE INFORMACIÓN LOCAL (OCLC)
Catalogador cmm
Holdings
Estado de retiro (separado) Fuente de clasificación o esquema de estanterías Estado dañado Ubicación Sala donde se ubica Nombre de la colección Fecha de adquisición o compra Costo, precio normal en soles Signatura topográfica Código de Barras Última vez visto (Koha) Tipo de ítem (Koha) Número de Ejemplar
No     Sala Humanidades Sala Humanidades Book Cart 2019-03-13 8.00 986.2 / G643 / t.5 / n.49 SH0000006522 2019-03-13 Libros-BMC  
No     Sala Humanidades Sala Humanidades Book Cart 2019-03-13 8.00 986.2 / G643 / t.1 / n.28 SH0000006089 2019-03-13 Libros-BMC  
No     Sala Humanidades Sala Humanidades Book Cart 2019-03-13 8.00 986.2 / G643 / t.4 / n.42 SH0000006092 2019-03-13 Libros-BMC  
No     Sala Humanidades Sala Humanidades Book Cart 2019-03-13 8.00 986.2 / G643 / t.3 / n.39 SH0000006091 2019-03-13 Libros-BMC  
No     Sala Humanidades Sala Humanidades Book Cart 2019-03-13 8.00 986.2 / G643 / t.2 / n.32 SH0000006610 2019-03-13 Libros-BMC  
No     Sala Humanidades Sala Humanidades Book Cart 2019-03-13 8.00 986.2 / V433H / t.3 / n.20 SH0000006609 2019-03-13 Libros-BMC e.2

Powered by Koha